Loading...
| Fine Arts - Painting and Sculpture | 0 | 6 | 0 | 1 | 60 | 30 | 90.67 | 0 | 4 | 0.00 | 0.00 |
| Literature - European | 0 | 6 | 1 | 0 | 55 | 59 | 97.33 | 1 | 3 | 0.00 | 0.00 |
| History - American | 0 | 5 | 1 | 2 | 45 | 77 | 98.80 | 0 | 2 | 0.00 | 0.00 |
| History - Other | 0 | 4 | 0 | 1 | 40 | 63 | 96.75 | 1 | 1 | 0.00 | 0.00 |
| Science - Other | 0 | 4 | 0 | 1 | 40 | 86 | 112.00 | 1 | 1 | 0.00 | 0.00 |
| Mythology | 0 | 3 | 0 | 2 | 30 | 88 | 125.00 | 0 | 0 | 0.00 | 0.00 |
| Science - Physics | 0 | 3 | 0 | 0 | 30 | 111 | 115.67 | 0 | 0 | 0.00 | 0.00 |
| Literature - British | 0 | 3 | 0 | 1 | 30 | 66 | 106.67 | 0 | 1 | 0.00 | 0.00 |
| Fine Arts - Classical Music | 0 | 3 | 1 | 1 | 25 | 124 | 133.67 | 0 | 0 | 0.00 | 0.00 |
| History - European | 0 | 3 | 1 | 0 | 25 | 55 | 77.67 | 0 | 1 | 0.00 | 0.00 |
| Philosophy | 0 | 3 | 1 | 1 | 25 | 84 | 114.67 | 0 | 1 | 0.00 | 0.00 |
| Religion | 0 | 2 | 0 | 2 | 20 | 126 | 137.50 | 0 | 0 | 0.00 | 0.00 |
| Fine Arts - Other | 0 | 2 | 0 | 1 | 20 | 97 | 118.00 | 0 | 0 | 0.00 | 0.00 |
| Science - Biology | 0 | 2 | 1 | 0 | 15 | 65 | 77.50 | 0 | 2 | 0.00 | 0.00 |
| Literature - American | 0 | 2 | 1 | 0 | 15 | 109 | 119.00 | 0 | 1 | 0.00 | 0.00 |
| Literature - World | 0 | 2 | 1 | 0 | 15 | 92 | 102.50 | 0 | 2 | 0.00 | 0.00 |
| Social Science | 0 | 1 | 0 | 1 | 10 | 131 | 131.00 | 0 | 0 | 0.00 | 0.00 |
| History - World | 0 | 1 | 0 | 0 | 10 | 76 | 76.00 | 0 | 1 | 0.00 | 0.00 |